000 00786nam a2200241 a 4500
999 _c127658
_d127658
001 1888285
003 ARRUPE
005 20180315121730.0
008 830827s1983 fr b 000 0 fre
010 _a 83193239
020 _a2204019925 :
_c152F
040 _aDLC
_cDLC
_dDLC
050 0 0 _aBT708
_b.D87 1983
082 0 0 _a241/.66
_219
100 1 _aDurand, Guy,
_d1933-
_940665
245 1 0 _aSexualité et foi :
_bsynthèse de théologie morale /
_cGuy Durand.
260 _aParis :
_bFides,
_cc1983.
300 _a430 p. ;
_c22 cm.
440 0 _aHeritage et projet ;
_v19
_940666
504 _aBibliography: p. [415]-425.
650 0 _aSex
_xReligious aspects
_xChristianity.
_912625
906 _a7
_bcbc
_corignew
_d4
_encip
_f19
_gy-gencatlg
942 _2lcc
_cMONOGRAPH